Sudden Death - French Football Team Names - Statistics

General Stats
  • This quiz has been taken 72 times
  • The average score is 6 of 16
Answers on the Grid
Answers color-coded by a green-red scale on the quiz's grid according to % correct below.
EA Guingamp
US Clemencé
FC Purpurine
SC Aubagne Air Bel
Tour d'Eiffel Painters Association FC
SC Bastia
Red Star FC
OGC Very Nice
Paris FC
US Arles et Pau
SC Pousions
Rodez AF
FC Dunkirk
FC L'oreal 38
Stade de Reims
Football Club Fleury 91
SC Greilla
Le Havre AC
Quevilly-Rouen Métropole
US Truleaurs
Olympique de Calais
Amiens SC
ESTAC Troyes
En Neutrales SC
Escargot FC
Paris 13 Atletico
Stade de Sousielonge
Grenoble Foot 38
FC Sochaux-Montbéliard
US Saint-Rennasences
US Orléans
The Three Musketeers 2nd Cast XI
 
Answer Stats
Answer % Correct
EA Guingamp
77%
Paris FC
63%
SC Bastia
63%
Le Havre AC
56%
Stade de Reims
56%
ESTAC Troyes
46%
Amiens SC
42%
Red Star FC
38%
Rodez AF
38%
FC Sochaux-Montbéliard
35%
Grenoble Foot 38
33%
US Orléans
31%
Quevilly-Rouen Métropole
10%
Football Club Fleury 91
8%
Paris 13 Atletico
8%
SC Aubagne Air Bel
6%
No matching quizzes found
Score Distribution
Percent of People with Each Score
Percentile by Number Answered
Your Score History
You have not taken this quiz